Central Library OPAC University of Rajshahi

Soviet politics: the dilemma of power ; (Record no. 26484)

MARC details
000 -LEADER
fixed length control field 01019cam a22003011 4500
001 - CONTROL NUMBER
control field 26484
003 - CONTROL NUMBER IDENTIFIER
rucl marc code BD-RjUL
005 - DATE AND TIME OF LATEST TRANSACTION
control field 20211209051026.0
008 - FIXED-LENGTH DATA ELEMENTS--GENERAL INFORMATION
fixed length control field 140322t1965 nyu b 001 0 eng
035 ## - SYSTEM CONTROL NUMBER
System control number (BD-RjUL)26554
System control number (OCoLC)487867
040 ## - CATALOGING SOURCE
Original cataloging agency DLC
Transcribing agency OU
Modifying agency OCoLC
-- DLC
-- BD-RJUL
Language of cataloging eng
041 ## - LANGUAGE CODE
Language code of text/sound track or separate title eng
082 00 - DEWEY DECIMAL CLASSIFICATION NUMBER
Classification number 320.947
Author mark and year MOS 1965
100 1# - MAIN ENTRY--PERSONAL NAME
Personal name Moore, Barrington,
Dates associated with a name 1913-2005.
9 (RLIN) 81419
245 10 - TITLE STATEMENT
Title Soviet politics: the dilemma of power ;
Remainder of title the role of ideas in social change /
260 ## - PUBLICATION, DISTRIBUTION, ETC. (IMPRINT)
Place of publication, distribution, etc. New York :
Name of publisher, distributor, etc. Harper & Row,
Date of publication, distribution, etc. 1965.
300 ## - PHYSICAL DESCRIPTION
Pagination xiv, 504 p. ;
Size 21 cm.
490 0# - SERIES STATEMENT
Series statement Researches in the social, cultural, and behavioral sciences
Series statement Harper torchbooks,
Volume/sequential designation TB 1222Q.
Series statement The Academy Library
504 ## - BIBLIOGRAPHY, ETC. NOTE
Bibliography, etc includes Bibliographical reference and index.
650 #0 - SUBJECT ADDED ENTRY--TOPICAL TERM
Topical term or geographic name as entry element Communism
Geographic subdivision Soviet Union.
9 (RLIN) 81442
651 #0 - SUBJECT ADDED ENTRY--GEOGRAPHIC NAME
Geographic name Soviet Union
General subdivision Politics and government
Chronological subdivision 1917-1936.
9 (RLIN) 81443
942 ## - ADDED ENTRY ELEMENTS (KOHA)
Source of classification or shelving scheme Dewey Decimal Classification
Koha item type Books
Holdings
Lost status Source of classification or shelving scheme Damaged status Not for loan Collection code Permanent Location Current Location Shelving location Date acquired Source of acquisition Cost, normal purchase price Total Checkouts Full call number Date last seen Copy number Koha item type
  Dewey Decimal Classification     Non-fiction Central Library, University of Rajshahi Central Library, University of Rajshahi   16/04/1968 Euro Park 18.00   320.947 MOS 1965 22/03/2014 C-2 Books